• 首页
  • 本馆介绍
  • 公告通知
  • 最新文献
  • 馆藏检索
  • 电子资源
  • 读者导购
  • 参考咨询
  • 我的图书馆
  • 登录
  • 详细信息显示
  • 放入我的书架
  • 预约/预借图书
  • 作者相关作品
  • 分类相关作品
  • 丛书相关作品
  • 出版社相关作品

书目信息

  • 表格格式
  • 工作单格式
  • 卡片格式
题名:
作物遗传与育种学
    
 
作者: ;山东省昌潍农业专科学校 主编
分册: 上册  
出版信息: 北京   农业出版社  1979
页数: 199页
开本: 26cm
丛书名:
单 册:
中图分类: S33-43
科图分类:
主题词: 作物育种:遗传育种--专业学校--教材 , 遗传育种:作物育种--专业学校--教材
电子资源:
ISBN: 16144.1998
000 00847nam0 2200253 450
001 0179008979
005 20100712215646.0
010    @a16144.1998@dCNY1.25
091    @a16144.1998
100    @a19950921d1979 em y0chiy0110 ea
101 0  @achi
102    @aCN@b110000
105    @ay z 000yy
106    @ar
200 1  @a作物遗传与育种学@9Zuo Wu Yi;Wei Chuan;Zhuan Yu Yu;Yo Zhong;Chong Xue @e北方本@f山东省昌潍农业专科学校主编@h上册
210    @a北京@c农业出版社@d1979
215    @a199页@d26cm
300    @a全国中等农业学校试用教材 农学专业适用
606 0  @a作物育种:遗传育种@x专业学校@x教材
606 0  @a遗传育种:作物育种@x专业学校@x教材
690    @aS33-43@v3
711 02 @a山东省昌潍农业专科学校@9shan dong sheng chang wei nong ye zhuan ke xue xiao@4主编
801  0 @aCN@bAzMarc@c20130904
905    @aBZT@dS33-43@e6:1@f1@sS33-43/6:1
    
    作物遗传与育种学:北方本/山东省昌潍农业专科学校主编.上册.-北京:农业出版社,1979
    199页;26cm
    全国中等农业学校试用教材 农学专业适用
    
    ISBN 16144.1998:CNY1.25
    
●
相关链接 在五车中查询图书 在当当中查询图书 在豆瓣中查询图书


正题名:作物遗传与育种学     索取号:S33-43/6:1         预约/预借

序号 登录号 条形码 馆藏地/架位号 状态 备注
1 2000089117   2000089117   旧书回溯/ [索取号:S33-43/6:1] 在馆    
山东省滨州职业学院图书馆 欢迎您!
大连网信软件有限公司© 版权所有